| 000 | 01520nam0a2200397 4500 | ||
|---|---|---|---|
| 001 | RU\NLR\bibl\395995 | ||
| 005 | 20260405103212.0 | ||
| 021 |
_aRU _b2003-8673 _9402 |
||
| 035 | _a(NLR Aleph) 000390229 | ||
| 090 |
_a510910 _c510910 |
||
| 100 | _a20030414d2003 |||y0rusy50 ca | ||
| 101 | 1 |
_arus _cslo _ceng |
|
| 102 | _aRU | ||
| 105 | _ab ||||||||| | ||
| 200 | 1 |
_aИстория Словакии _e[Пер. со словац. и англ. _fЯ. Лукачка, Я. Стейнхюбел, Б. Брезовакова и др. _gНауч. ред. Ю.В. Богданов] |
|
| 210 |
_aМ. _cЕвролинц _d2003 |
||
| 215 |
_a418, [17] с. _cкарт. _d22 |
||
| 320 | _aИмен. указ.: с. 409-418 | ||
| 320 | _aБиблиогр.: с. 387-408 | ||
| 607 |
_aСловакия _xИстория _9912571 _3RU\NLR\auth\6613868 |
||
| 610 | 0 | _aСловакия - История | |
| 610 | 0 | _aСловакия, история | |
| 675 |
_a94(437.6) _v3 _zrus |
||
| 686 |
_a03.19 _2rugasnti |
||
| 686 |
_a63.3(4Сла) _2rubbk |
||
| 686 | _aТ3(4Сл)0,02 | ||
| 701 | 1 |
_aЛукачка _bЯ. _gЯн _4070 |
|
| 701 | 1 |
_aСтейнхюбел _bЯ. _gЯн _4070 |
|
| 701 | 1 |
_aБрезовакова _bБ. _gБланка _4070 |
|
| 702 | 1 |
_4340 _7ca _8rus _aБогданов _bЮ. В. _cфилолог _f1932- _gЮрий Васильевич _921850 _3RU\NLR\auth\7738866 |
|
| 801 | 0 |
_aRU _bRKP _c20030414 _gPSBO |
|
| 801 | 1 |
_aRU _bRKP _c20030414 |
|
| 801 | 2 |
_aRU _bNLR _c20060602 _grcr |
|
| 942 | _cBOOK | ||
| 980 | _aNB | ||